LEADER 01457nam a2200349 a 4500 001 000000124790 003 CaOOAMICUS 005 20110323140319.0 008 110323s1998 it u000 u ita r 020 $a88-389-1447-8 040 $aPUL$bita 041 1 $aita$hger 082 04$a882.01 100 1 $aDroysen, Johann Gustav,$d1808-1884.$0(OLS)http://pul/name/59258 240 10$aAristophanes Werke.$lItaliano.$0(OLS)http://pul/title/157327 245 10$aAristofane :$bintroduzione alle commedie /$cJohann Gustav Droysen ; a cura di Giovanni Bonacina. 260 $aPalermo :$bSellerio,$cİ1998. 300 $a251 p. ;$c21 cm 490 1 $aLa diagonale ;$v99 500 $aInclude indice. 504 $aBibliografia in nota. 600 04$aAristophanes,$dc. 445-c. 385 a.C.,$tOpere.$0(OLS)http://pul/subject/37510 700 1 $aBonacina, Giovanni,$cC.R.S.$0(OLS)http://pul/name/71964 830 3$aLa diagonale ;$v99.$0(OLS)http://pul/title/157329 850 $aPUL 852 $aPUL$W1$xDP2 Cons. Gen., Altre Classi 3$y97$m882. 01 DROJO 1$j143699$qDDC 21$B142711$CPULBib$Z2$F142711 $H116082 $81 941 1 $a9 996 $6020$a88-389-1447-8$9(OLS)http://pul/number/146748 996 $6082$a882.01$9(OLS)http://pul/classification/1923 996 $6245$aAristofane :$bintroduzione alle commedie$9(OLS)http://pul/title/157328 996 $6260$aPalermo :$bSellerio$9(OLS)http://pul/publisher/66919 LEADER 01676nam a2200409 u 4500 001 000000048564 003 CaOOAMICUS 005 20070226115019.0 008 000512s1998 it u000 u ita u 020 $a8804198885 035 $a10847495 040 $aPUL$bita 041 1 $aita$agrc 100 0 $aPindarus,$d518-438 a.C.$0(OLS)http://pul/name/14427 240 10$aIsthmia$9(Pindarus, 518-438 a.C.).$lItaliano e greco.$0(OLS)http://pul/title/65406 245 13$aLe istmiche /$cPindaro ; a cura di G. Aurelio Privitera. 250 $a3. ed. 260 $aRoma :$bFondazione Lorenzo Valla ;$aMilano :$bA. Mondadori,$c1998. 300 $axlviii, 256 p. ;$c20 cm 490 1 $aScrittori greci e latini 490 1 $aLe Odi / Pindaro ;$v4 500 $aTesto italiano e greco a fronte. 500 $aIndex: p. [245]-256. 504 $aBibliographie. 700 1 $aPrivitera, G. Aurelio.$0(OLS)http://pul/name/24193 830 3$aLe Odi / Pindaro ;$v4.$0(OLS)http://pul/title/65408 830 0$aScrittori greci e latini.$0(OLS)http://pul/title/10625 850 $aPUL 852 $aPUL$W1$xDP1 Cons. Gen., Altre Classi 1$y22$m705 M 47$j64684$nBK-PRI$b $qStampati$B64684$CPULBib$Z2$F64684 $H $81 900 $aPindaro,$d518-438 a.C.$914427 900 $aPindarus Thebanus Lyricus,$d518-438 a.C.$914427 941 1 $a8 961 $aINV: 81675 996 $6020$a8804198885$9(OLS)http://pul/number/61104 996 $6245$aLe istmiche$9(OLS)http://pul/title/65407 996 $6260$aRoma :$bFondazione Lorenzo Valla$9(OLS)http://pul/publisher/51617 996 $6260$aMilano :$bA. Mondadori$9(OLS)http://pul/publisher/48249